000 00642nam a22002417a 4500
003 UA-OsUOA
001 104297
007 ta
008 20131211b un ||||| |||| 00| 0 ukr d
100 _aБілоус А. О.
090 _a32(075.8)
_bБ67
942 _cBK
040 _aUA-OsUOA
_bukr
_cUA-OsUOA
_dUA-OsUOA
245 _aПолітико-правові системи: світ і Україна
_bнавч. посібник
300 _a200 с.
955 _a2
041 _aukr
080 _a32(075.8)
020 _a966-95146-0-6
260 _aК.
_bАМУПП
_c1997
650 7 _a32 Політика
_2UDC
999 _c390678
_d390678